Normal view MARC view
  • Conde-Carmona, Robinson

Entry Nombre Personal

Number of records used in: 1

001 - NUMERO DE CONTROL

  • campo de control: 44992

003 - IDENTIFICADOR DE NUMERO DE CONTROL

  • campo de control: UPN

005 - FECHA Y HORA DE LA ÜLTIMA TRANSACCIÓN

  • campo de control: 20220621121922.0

008 - DATOS DE LONGITUD FIJA

  • campo de control de longitud fija: 220621|| acnnnaabn | a|a d

024 7# - OTROS IDENTIFICADORES NORMALIZADOS

  • Fuente: orcid
  • Número normalizado o código: 0000-0002-7421-1754

040 ## - FUENTE DE CATALOGACIÓN

  • Agencia original de catalogación: MX-MxUPN

100 1# - ENCABEZAMIENTO - NOMBRE PERSONAL

  • Nombre personal: Conde-Carmona, Robinson

370 ## - LUGAR ASOCIADO

  • Associated country: Colombia

371 ## - DIRECCIÓN

  • Electronic mail address: robinson-conde@hotmail.com

372 ## - CAMPO DE ACTIVIDAD

  • Field of activity: Educación
  • Field of activity: Docencia

373 ## - GRUPO ASOCIADO

  • Associated group: Universidad del Atlántico, Barranquilla

374 ## - OCUPACIÓN

  • Occupation: Profesor universitario

375 ## - GÉNERO

  • Gender: femenino

377 ## - LENGUA ASOCIADA

  • Language code: spa

400 1# - VEÁSE - NOMBRE DE PERSONA

  • Personal name: Conde-Carmona, Robinson Junior

400 1# - VEÁSE - NOMBRE DE PERSONA

  • Personal name: Conde Carmona, Robinson Junio

670 ## - FUENTE EN LA QUE SE LOCALIZARON DATOS

  • Cita de la fuente: En recurso en línea Educación y humanismo, Vol. 23, no. 40 (ene.-jun. 2021):
  • Información localizada: página 1 (Robinson Conde-Carmona)
  • Uniform Resource Identifier: https://revistas.unisimon.edu.co/index.php/educacion/article/view/4380/5120

902 ## - CATALOGADOR

  • Catalogador: RGJD/210622